000 00284nam a22001337a 4500
008 170214b xxu||||| |||| 00| 0 eng d
020 _a1372
041 _aeng
080 _a61
100 _a4
101 _aSHM
245 _aAN ANALYSIS OF STUTTERING
_cEMERICH, L.L
942 _2udc
_cBK
999 _c5364
_d5364